Normale Ansicht
MARC-Ansicht
Eintrag Personenname
001 - Kontrollnummer
- Kontrollfeld: 44780
003 - Kontrollnummer Identifier
- Kontrollfeld: RU-10907106
005 - Datum und Zeit der letzten Transaktion
- Kontrollfeld: 20231010141331.0
008 - Datenelemente mit fester Länge
- Kontrollfeld mit fester Länge: 231010|| aca||aabn | a|a d
040 ## - Katalogisierungsquelle
- Original-Katalogisierungsstelle: RU-10907106
- Übertragungsstelle: RU-10907106
100 ## - Ansetzung - Personenname
- Personenname: Jones, Timothy,
- Titel und andere Wörter in Verbindung mit einem Namen: Dr
670 ## - Datenquelle
- Quellenangabe: Work cat.: (RU-10907106)66958: Jones, Timothy, Dr., Beethoven, the Moonlight and other sonatas, op. 27 and op. 31